Centroamérica: ¿democracia o dominación colonial? /

El documento presenta un análisis de los movimientos demócratas en los países de América Latina, así como la evolución de estos y su repercusión en las actividades sociales.

Salvato in:
Dettagli Bibliografici
Autore principale: Salazar Valiente, Mario
Ente Autore: CELA
Natura: testo
Lingua:Spanish
Pubblicazione: Tegucigalpa: Universidad Nacional Autónoma de Honduras 1986
Soggetti:
Tags: Aggiungi Tag
Nessun Tag, puoi essere il primo ad aggiungerne!!

MARC

LEADER 00000 a a2200000 04500
001 21045
003 cru CIDCACS/IIS
005 20230612092535.0
008 1986 e1986 ho ||||| |||| 00| 0 spa d
040 |a cru IIS  |c cru IIS 
090 |a 03.03.01 S161c 
100 |a Salazar Valiente, Mario  
110 |a CELA  
245 |a Centroamérica: ¿democracia o dominación colonial? /  |c Mario Salazar Valiente 
260 |a Tegucigalpa:   |b Universidad Nacional Autónoma de Honduras   |c 1986 
300 |a 37 páginas 
520 |a El documento presenta un análisis de los movimientos demócratas en los países de América Latina, así como la evolución de estos y su repercusión en las actividades sociales.  
650 0 |9 400  |a COLONIALIDAD 
650 0 |9 83  |a DEMOCRACIA 
651 0 |9 308  |a CENTROAMERICA 
942 |2 ddc  |c LI  |h 03.03.01 S161c  |i 23561  |6 030301_S161C_23561 
999 |c 11411  |d 11411